Pedro e o lobo (Registo nº 2098)

Detalhes MARC
000 -Etiqueta do registo
Cabeçalho 00885nam a22002771 4500
005 - Identificador da versão
Campo de controlo 20240827114633.0
010 ## - Número internacional normalizado dos livros (ISBN)
Número (ISBN) 972260791X
100 ## - Dados gerais de processamento
Dados gerais de processamento 19980616d1992 c y0pory5003 ba
101 1# - Língua de publicação
Língua do texto, banda sonora, etc. Português
Língua do documento no original Alemão
102 ## - Pais de publicação ou produção
País de publicação Portugal
105 ## - Campo de dados codificados: livros
Dados codificados dos livros a z 000fy
106 ## - Campo de dados codificados: material textual
Dados codificados do material textual r
200 1# - Titulo e menção de responsabilidade
Título próprio Pedro e o lobo
Primeira menção de responsabilidade Sergei Prokofiev
Outras menções de responsabilidade il. Josef Palecek
-- adapt. Patricia Crampton
-- trad. Aureliano Sampaio
210 ## - Publicação, Distribuição, etc. 
Lugar da edição, distribuição, etc. [Porto]
Nome do editor, distribuidor, etc. Civilização
Data da publicação, distribuição, etc. imp. 1992
215 ## - Descrição física 
Indicação específica da natureza do documento e extensão da espécie [26] p.
Outras indicações físicas muito il.
Dimensões 15x16 cm
225 2# - Colecção 
Título próprio da colecção A minha primeira biblioteca
Indicação de volume 2
304 ## - Notas relativas a título e menção de responsabilidade 
Texto da nota Tít. orig.: Peter & der wolf
606 ## - Nome comum usado como assunto
Número de registo de entrada de autoridade 0000001
Palavra de ordem Literatura estrangeira infantil
Subdivisão de assunto Conto
675 ## - Classificação Decimal Universal (CDU)
Notação 82-34
Edição
Língua da edição por
700 #1 - Nome de autor-pessoa física (responsabilidade principal)
Número de registo de entrada de autoridade 0000851
Palavra de ordem Prokofiev
Outra parte do nome não tomada para palavra de ordem Sergei
Datas 1891-1953
702 #1 - Nome de autor-pessoa física (responsabilidade secundária)
Número de registo de entrada de autoridade 0000852
Palavra de ordem Palecek
Outra parte do nome não tomada para palavra de ordem Josef
Código de função Ilustrador / Técnico de desenho computorizado
Número de registo de entrada de autoridade 0000853
Palavra de ordem Crampton
Outra parte do nome não tomada para palavra de ordem Patricia
Código de função Adaptador
Número de registo de entrada de autoridade 0000685
Palavra de ordem Sampaio
Outra parte do nome não tomada para palavra de ordem Aureliano
Código de função Tradutor
942 ## - Elementos de entrada adicionados (Koha)
Tipo de item no Koha Livro
Exemplares
Situação do levantamento Origin of item (home branch) (coded) Biblioteca de empréstimo Código de barras Cota Circulation type (not for loan) Tipo de documento Nota do exemplar Damaged status
  Biblioteca Escolar da Coca Maravilhas Biblioteca Escolar da Coca Maravilhas BECM3753/98 8EST PRO   Livro Sem mensagem